| 000 | 00000nam 2200000zi 4500 |
| 001 | 9.933774 |
| 003 | CaOODSP |
| 005 | 20240212120629 |
| 006 | m o d f |
| 007 | cr cn||||||||| |
| 008 | 240212s2016 abca o f000 0 eng d |
| 040 | |aCaOODSP|beng|erda|cCaOODSP |
| 043 | |an-cn--- |
| 086 | 1 |aNE23-187/2017-1E-PDF |
| 245 | 00|aEvaluation summary : |bpipeline safety and public awareness initiatives. |
| 246 | 10|aPipeline safety and public awareness initiatives |
| 264 | 1|a[Calgary, Alta.] : |bNational Energy Board, |c2016. |
| 300 | |a1 online resource (2 pages) : |billustrations |
| 336 | |atext|btxt|2rdacontent |
| 337 | |acomputer|bc|2rdamedia |
| 338 | |aonline resource|bcr|2rdacarrier |
| 500 | |aCaption title. |
| 500 | |aIssued also in French under title: Sommaire de l'évaluation : initiatives visant la sûreté des pipelines et la sensibilisation du public. |
| 520 | |a"The Treasury Board (TB) Submission for Pipeline Safety (2012) and Public Awareness (2012 and 2014) provided the National Energy Board with a total of $32.1 million in temporary funding over five years (April 2012 - March 2017) to increase activities related to pipeline safety oversight and to address increased public awareness of energy safety"--About the initiatives, page 1. |
| 650 | 0|aPipelines|xGovernment policy|zCanada. |
| 650 | 0|aPipelines|zCanada|xSafety measures. |
| 650 | 0|aEnergy policy|zCanada|xEvaluation. |
| 710 | 1 |aCanada. |bNational Energy Board, |eissuing body. |
| 775 | 08|tSommaire de l'évaluation : |w(CaOODSP)9.933775 |
| 856 | 40|qPDF|s291 KB|uhttps://publications.gc.ca/collections/collection_2024/rec-cer/NE23-187-2017-1-eng.pdf |
| 856 | 4 |qHTML|sN/A|uhttps://www.rec-cer.gc.ca/en/about/publications-reports/evaluations/pipeline-safety-awareness/evaluation-summary-pipeline-safety-public-awareness-initiatives-2017.html |